[Event "399 Stay Safe Play From Home series"]
[Site "Emanuel Lasker Arena"]
[Date "2020.08.20"]
[Round "9"]
[White "buzaglo"]
[Black "Padmaesh M K"]
[Result "0-1"]
[WhiteElo "1765"]
[BlackElo "1841"]
[Annotator "NA"]
[PlyCount "102"]
[EventDate "2020.08.20"]
[EventType "swiss (blitz)"]

1. d4 {[%emt 0:00:01]} Nf6 {[%emt 0:00:02]} 2. Nf3 {[%emt 0:00:01]} d5 {[%emt 0:00:01]} 3. g3 {[%emt 0:00:01]} e6 {[%emt 0:00:03]} 4. Bg2 {[%emt 0:00:00]} Bd6 {[%emt 0:00:01]} 5. O-O {[%emt 0:00:00]} O-O {[%emt 0:00:01]} 6. Nbd2 {[%emt 0:00:01]} b6 {[%emt 0:00:00]} 7. c4 {[%emt 0:00:01]} Bb7 {[%emt 0:00:01]} 8. cxd5 {[%emt 0:00:01]} exd5 {[%emt 0:00:01]} 9. Re1 {[%emt 0:00:02]} Ne4 {[%emt 0:00:02]} 10. Qc2 {[%emt 0:00:04]} Re8 {[%emt 0:00:02]} 11. a3 {[%emt 0:00:07]} Nd7 {[%emt 0:00:02]} 12. b4 {[%emt 0:00:02]} Ndf6 {[%emt 0:00:02]} 13. Nxe4 {[%emt 0:00:06]} Nxe4 {[%emt 0:00:02]} 14. Nd2 {[%emt 0:00:02]} Qe7 {[%emt 0:00:03]} 15. Nxe4 {[%emt 0:00:06]} dxe4 {[%emt 0:00:00]} 16. Be3 {[%emt 0:00:01]} Bd5 {[%emt 0:00:15]} 17. Rad1 {[%emt 0:00:10]} f5 {[%emt 0:00:01]} 18. Bc1 {[%emt 0:00:07]} Qe6 {[%emt 0:00:02]} 19. e3 {[%emt 0:00:09]} Bb3 {[%emt 0:00:02]} 20. Qb2 {[%emt 0:00:04]} Bxd1 {[%emt 0:00:02]} 21. Rxd1 {[%emt 0:00:00]} Qf7 {[%emt 0:00:04]} 22. Bd2 {[%emt 0:00:06]} c5 {[%emt 0:00:10]} 23. Bf1 {[%emt 0:00:04]} cxd4 {[%emt 0:00:03]} 24. Qxd4 {[%emt 0:00:02]} Be5 {[%emt 0:00:02]} 25. Bc4 {[%emt 0:00:18]} Bxd4 {[%emt 0:00:03]} 26. Bxf7+ {[%emt 0:00:01]} Kxf7 {[%emt 0:00:00]} 27. exd4 {[%emt 0:00:01]} Red8 {[%emt 0:00:02]} 28. Be3 {[%emt 0:00:01]} Rac8 {[%emt 0:00:02]} 29. d5 {[%emt 0:00:04]} Rc3 {[%emt 0:00:07]} 30. a4 {[%emt 0:00:02]} Rd7 {[%emt 0:00:11]} 31. a5 {[%emt 0:00:03]} bxa5 {[%emt 0:00:05]} 32. bxa5 {[%emt 0:00:00]} Ra3 {[%emt 0:00:04]} 33. d6 {[%emt 0:00:06]} Rxa5 {[%emt 0:00:02]} 34. Bf4 {[%emt 0:00:00]} Ra2 {[%emt 0:00:04]} 35. Rc1 {[%emt 0:00:03]} a5 {[%emt 0:00:04]} 36. Kf1 {[%emt 0:00:05]} a4 {[%emt 0:00:02]} 37. Ke1 {[%emt 0:00:01]} a3 {[%emt 0:00:02]} 38. Kd1 {[%emt 0:00:02]} Rxf2 {[%emt 0:00:03]} 39. Rc7 {[%emt 0:00:02]} Ke6 {[%emt 0:00:02]} 40. Rc3 {[%emt 0:00:06]} a2 {[%emt 0:00:01]} 41. Ra3 {[%emt 0:00:12]} a1=Q+ {[%emt 0:00:01]} 42. Rxa1 {[%emt 0:00:01]} Rf1+ {[%emt 0:00:00]} 43. Ke2 {[%emt 0:00:01]} Rxa1 {[%emt 0:00:00]} 44. Ke3 {[%emt 0:00:02]} Kd5 {[%emt 0:00:03]} 45. Kf2 {[%emt 0:00:02]} Ra3 {[%emt 0:00:05]} 46. Kg2 {[%emt 0:00:00]} h6 {[%emt 0:00:02]} 47. Kh3 {[%emt 0:00:01]} g5 {[%emt 0:00:01]} 48. Bc1 {[%emt 0:00:02]} Ra2 {[%emt 0:00:01]} 49. Bxg5 {[%emt 0:00:05]} hxg5 {[%emt 0:00:03]} 50. g4 {[%emt 0:00:02]} Rh7+ {[%emt 0:00:03]} 51. Kg3 {[%emt 0:00:00]} f4# {[%emt 0:00:01] (Lag: Av=0.58s, max=1.3s) (Lag: Av=0.58s, max=1.3s) (Lag: Av=0.58s, max=1.3s)} 0-1

[Event "399 Stay Safe Play From Home series"]
[Site "Emanuel Lasker Arena"]
[Date "2020.08.20"]
[Round "9"]
[White "Aerocot"]
[Black "Kongle"]
[Result "1-0"]
[WhiteElo "1663"]
[BlackElo "1781"]
[Annotator "NA"]
[PlyCount "67"]
[EventDate "2020.08.20"]
[EventType "swiss (blitz)"]

1. d4 {[%emt 0:00:02]} Nf6 {[%emt 0:00:02]} 2. c4 {[%emt 0:00:01]} e6 {[%emt 0:00:01]} 3. Nc3 {[%emt 0:00:00]} d5 {[%emt 0:00:01]} 4. Nf3 {[%emt 0:00:00]} dxc4 {[%emt 0:00:01]} 5. e4 {[%emt 0:00:01]} b5 {[%emt 0:00:02]} 6. e5 {[%emt 0:00:03]} Nd5 {[%emt 0:00:02]} 7. Nxb5 {[%emt 0:00:02]} Nb6 {[%emt 0:00:01]} 8. Nc3 {[%emt 0:00:02]} Nc6 {[%emt 0:00:01]} 9. a4 {[%emt 0:00:03]} Na5 {[%emt 0:00:02]} 10. Bd2 {[%emt 0:00:04]} Nb3 {[%emt 0:00:04]} 11. Rb1 {[%emt 0:00:10]} Nxd2 {[%emt 0:00:01]} 12. Qxd2 {[%emt 0:00:01]} a5 {[%emt 0:00:01]} 13. Be2 {[%emt 0:00:02]} Bb4 {[%emt 0:00:04]} 14. O-O {[%emt 0:00:02]} O-O {[%emt 0:00:01]} 15. Rbc1 {[%emt 0:00:05]} Bb7 {[%emt 0:00:10]} 16. Qc2 {[%emt 0:00:03]} Rb8 {[%emt 0:00:08]} 17. Nb5 {[%emt 0:00:01]} Bxf3 {[%emt 0:00:09]} 18. Bxf3 {[%emt 0:00:04]} Qxd4 {[%emt 0:00:01]} 19. Nxd4 {[%emt 0:00:03]} c5 {[%emt 0:00:07]} 20. Nc6 {[%emt 0:00:01]} Rbc8 {[%emt 0:00:04]} 21. Nxb4 {[%emt 0:00:02]} cxb4 {[%emt 0:00:02]} 22. Rfd1 {[%emt 0:00:05]} Rc5 {[%emt 0:00:11]} 23. Rd6 {[%emt 0:00:03]} Nd5 {[%emt 0:00:12]} 24. Bxd5 {[%emt 0:00:08]} exd5 {[%emt 0:00:01]} 25. Qf5 {[%emt 0:00:07]} Re8 {[%emt 0:00:31]} 26. e6 {[%emt 0:00:05]} f6 {[%emt 0:00:11]} 27. Rxd5 {[%emt 0:00:09]} Rc7 {[%emt 0:00:09]} 28. Rxa5 {[%emt 0:00:05]} c3 {[%emt 0:00:01]} 29. bxc3 {[%emt 0:00:02]} bxc3 {[%emt 0:00:05]} 30. Rc5 {[%emt 0:00:02]} Rec8 {[%emt 0:00:05]} 31. Rxc7 {[%emt 0:00:02]} Rxc7 {[%emt 0:00:01]} 32. Qd5 {[%emt 0:00:02]} h6 {[%emt 0:00:14]} 33. e7+ {[%emt 0:00:03]} Kh7 {[%emt 0:00:06]} 34. e8=Q {[%emt 0:00:03] Time Time Time (Lag: Av=0.99s, max=1.9s) (Lag: Av=0.99s, max=1.9s) (Lag: Av=0.99s, max=1.9s)} 1-0

[Event "399 Stay Safe Play From Home series"]
[Site "Emanuel Lasker Arena"]
[Date "2020.08.20"]
[Round "9"]
[White "matematyk3"]
[Black "AChessPlayer"]
[Result "0-1"]
[WhiteElo "1492"]
[BlackElo "2439"]
[PlyCount "52"]
[EventDate "2020.08.20"]
[EventType "swiss (blitz)"]

1. d4 {[%emt 0:00:08]} Nf6 {[%emt 0:00:01]} 2. c4 {[%emt 0:00:04]} c5 {[%emt 0:00:00]} 3. dxc5 {[%emt 0:00:02]} e6 {[%emt 0:00:02]} 4. Nf3 {[%emt 0:00:00]} Bxc5 {[%emt 0:00:01]} 5. e3 {[%emt 0:00:01]} O-O {[%emt 0:00:02]} 6. Nc3 {[%emt 0:00:00]} b6 {[%emt 0:00:01]} 7. Bd3 {[%emt 0:00:01]} Bb7 {[%emt 0:00:01]} 8. Qc2 {[%emt 0:00:02]} a6 {[%emt 0:00:01]} 9. Ne4 {[%emt 0:00:04]} Bb4+ {[%emt 0:00:04]} 10. Bd2 {[%emt 0:00:02]} Bxd2+ {[%emt 0:00:01]} 11. Nfxd2 {[%emt 0:00:01]} h6 {[%emt 0:00:01]} 12. Nxf6+ {[%emt 0:00:03]} Qxf6 {[%emt 0:00:00]} 13. O-O-O {[%emt 0:00:05]} Nc6 {[%emt 0:00:03]} 14. Ne4 {[%emt 0:00:05]} Qe7 {[%emt 0:00:02]} 15. Kb1 {[%emt 0:00:12]} Rac8 {[%emt 0:00:04]} 16. c5 {[%emt 0:00:02]} Nb4 {[%emt 0:00:03]} 17. Qb3 {[%emt 0:00:06]} bxc5 {[%emt 0:00:04]} 18. a3 {[%emt 0:00:06]} Bd5 {[%emt 0:00:03]} 19. Qc3 {[%emt 0:00:03]} Nxd3 {[%emt 0:00:07]} 20. Qxd3 {[%emt 0:00:06]} c4 {[%emt 0:00:01]} 21. Qd4 {[%emt 0:00:02]} Bxe4+ {[%emt 0:00:02]} 22. Qxe4 {[%emt 0:00:01]} c3 {[%emt 0:00:00]} 23. Qd4 {[%emt 0:00:05]} c2+ {[%emt 0:00:02]} 24. Ka1 {[%emt 0:00:08]} cxd1=Q+ {[%emt 0:00:01]} 25. Rxd1 {[%emt 0:00:00]} d5 {[%emt 0:00:01]} 26. e4 {[%emt 0:00:02]} Rc4 {[%emt 0:00:03] matematyk3 resigns matematyk3 resigns matematyk3 resigns (Lag: Av=0.78s, max=10.1s) (Lag: Av=0.78s, max=10.1s) (Lag: Av=0.78s, max=10.1s)} 0-1